| 000 | 00604nam a2200229 a 4500 | ||
|---|---|---|---|
| 999 |
_c9839 _d9839 |
||
| 001 | 9839 | ||
| 003 | BD-JhCC | ||
| 005 | 20180402093244.0 | ||
| 008 | 180402s2005 e |||| || | 001 0 eng d | ||
| 035 | _a(BD-JhCC)9839 | ||
| 040 |
_aBD-JhCC _dBD-JhCC |
||
| 041 | _aeng | ||
| 082 |
_a512.5 _bLIP 2005 |
||
| 100 | _aLipschutz, Scymour | ||
| 245 |
_aTheory and Problems of Linear Algebra / _cScymour Lipschutz and Marc Lars Lipson |
||
| 260 |
_aLondon : _bMcGraw-Hill, _c2005 |
||
| 300 |
_a424 p. : _c24 cm. |
||
| 650 | _aAlgebra | ||
| 700 | _aLipson, Marc Lars | ||
| 942 |
_2ddc _cBK |
||